000 00579nam a22002177a 4500
003 UA-OsUOA
001 122337
007 ta
008 20170424b un ||||| |||| 00| 0 ukr d
100 _aБондаренко Ю.
090 _a82
_bБ81
942 _cSA
040 _aUA-OsUOA
_bukr
_cUA-OsUOA
_dUA-OsUOA
245 _aПредметоцентризм у викладанні літератури
300 _aС.15-19
955 _a0
041 _aukr
080 _a82
773 0 _w122336
650 7 _a82 Література. Літературознавство
_2UDC
999 _c408629
_d408629